El origen y creación de la Universidad Nacional de Salta (Registro nro. 6009)
[ vista simple ]
| 000 -LEADER | |
|---|---|
| fixed length control field | 01584 a2200313 4500 |
| 001 - CONTROL NUMBER | |
| control field | 56691 |
| 005 - DATE AND TIME OF LATEST TRANSACTION | |
| control field | 20260407155830.0 |
| 008 - FIXED-LENGTH DATA ELEMENTS--GENERAL INFORMATION | |
| fixed length control field | 260407a2022 arg spa d |
| 003 - CONTROL NUMBER IDENTIFIER | |
| control field | AR-UNSa-BCEJYS |
| 040 ## - CATALOGING SOURCE | |
| Original cataloging agency | AR-UNSa-BCEJYS |
| Language of cataloging | spa |
| Transcribing agency | AR-UNSa-BCEJYS |
| 080 ## - UNIVERSAL DECIMAL CLASSIFICATION NUMBER | |
| Universal Decimal Classification number | 378.4(826.7) |
| Common auxiliary subdivision | Universidad Nacional de Salta |
| 020 ## - INTERNATIONAL STANDARD BOOK NUMBER | |
| International Standard Book Number | 978-987-698-392-1 |
| 041 ## - LANGUAGE CODE | |
| Language code of text/sound track or separate title | spa |
| 100 1# - MAIN ENTRY--PERSONAL NAME | |
| Personal name | Ovejero, Roberto Germán |
| 245 10 - TITLE STATEMENT | |
| Title | El origen y creación de la Universidad Nacional de Salta |
| 264 #1 - PRODUCTION, PUBLICATION, DISTRIBUTION, MANUFACTURE, AND COPYRIGHT NOTICE | |
| Place of production, publication, distribution, manufacture | Salta : |
| Name of producer, publisher, distributor, manufacturer | Mundo Gráfico Salta |
| Date of production, publication, distribution, manufacture, or copyright notice | 2022 |
| 300 ## - PHYSICAL DESCRIPTION | |
| Extent | 78 p. |
| Dimensions | 22 cm. |
| 505 ## - FORMATTED CONTENTS NOTE | |
| Formatted contents note | 1. Palabras preliminares / Roberto Ovejero – 2. Recuerdos del “Negro” Ovejero / Arturo López Dávalos – 3. Mis recuerdos del profesor Ovejero / Víctor José Passamai – 4. Semblanza de mi Maestro / Fabiana Laguna – 5. Mis recuerdos del Ing. Ovejero y la obra civil de la UNSa / Carlos A. Alonso Benavides – 6.vida y obra del Ing. Roberto G. Ovejero / Ricardo N. Alonso – 7. Palabras oficiales en las exequias del Ingeniero Ovejero / Juan Francisco Ramón – 8. Recuerdos acerca de la creación de la Universidad Nacional de Salta: mi testimonio y legado / Roberto German Ovejero |
| 590 ## - LOCAL NOTE (RLIN) | |
| Local note | niveau_biblio:m niveau_hierar:0 |
| 700 1# - ADDED ENTRY--PERSONAL NAME | |
| Personal name | Ovejero, Roberto |
| 700 1# - ADDED ENTRY--PERSONAL NAME | |
| Personal name | López Dávalos, Arturo |
| 700 1# - ADDED ENTRY--PERSONAL NAME | |
| Personal name | Laguna, Fabiana |
| 700 1# - ADDED ENTRY--PERSONAL NAME | |
| Personal name | Passamai, Víctor |
| 700 1# - ADDED ENTRY--PERSONAL NAME | |
| Personal name | Alonso Benavides, Carlos |
| 700 1# - ADDED ENTRY--PERSONAL NAME | |
| Personal name | Ramos, Juan Francisco |
| 700 1# - ADDED ENTRY--PERSONAL NAME | |
| Personal name | Alonso, Ricardo N. |
| 856 41 - ELECTRONIC LOCATION AND ACCESS | |
| Uniform Resource Identifier | <a href="https://biblioeco.unsa.edu.ar/pmb/images/libros/L128587.jpg">https://biblioeco.unsa.edu.ar/pmb/images/libros/L128587.jpg</a> |
| Link text | Imagen de portada |
| Electronic format type | image/jpeg |
| 942 ## - ADDED ENTRY ELEMENTS (KOHA) | |
| Koha item type | |
| Withdrawn status | Lost status | Damaged status | Not for loan | Home library | Current library | Shelving location | Date acquired | Total checkouts | Full call number | Barcode | Date last seen | Price effective from | Koha item type |
|---|---|---|---|---|---|---|---|---|---|---|---|---|---|
| Biblioteca Prof. Eusebio Cleto del Rey | Biblioteca Prof. Eusebio Cleto del Rey | 07/04/2026 | 378.4(826.7) O96 | L128587 | 07/04/2026 | 07/04/2026 | Libro | ||||||
| Biblioteca Prof. Eusebio Cleto del Rey | Biblioteca Prof. Eusebio Cleto del Rey | 07/04/2026 | 378.4(826.7) O96 | L128588 | 07/04/2026 | 07/04/2026 | Libro | ||||||
| Biblioteca Prof. Eusebio Cleto del Rey | Biblioteca Prof. Eusebio Cleto del Rey | 07/04/2026 | 378.4(826.7) O96 | L128589 | 07/04/2026 | 07/04/2026 | Libro |